Central Library OPAC University of Rajshahi

Money and banking in Pakistan / (Record no. 45420)

MARC details
000 -LEADER
fixed length control field 00604nam a2200217 a 4500
001 - CONTROL NUMBER
control field 45420
003 - CONTROL NUMBER IDENTIFIER
rucl marc code BD-RjUL
005 - DATE AND TIME OF LATEST TRANSACTION
control field 20211209054017.0
008 - FIXED-LENGTH DATA ELEMENTS--GENERAL INFORMATION
fixed length control field 160726s1966 pak||||| b||| 001 0 eng d
035 ## - SYSTEM CONTROL NUMBER
System control number (BD-RjUL)45538
040 ## - CATALOGING SOURCE
Original cataloging agency BD-RjUL
Language of cataloging eng
Transcribing agency BD-RjUL
041 ## - LANGUAGE CODE
Language code of text/sound track or separate title eng
082 ## - DEWEY DECIMAL CLASSIFICATION NUMBER
Edition number 23
Classification number 332.1095491
Author mark and year MEM 1966
100 ## - MAIN ENTRY--PERSONAL NAME
Personal name Meenai, S. A.
9 (RLIN) 133815
245 ## - TITLE STATEMENT
Title Money and banking in Pakistan /
Statement of responsibility, etc. S. A. Meenai
260 ## - PUBLICATION, DISTRIBUTION, ETC. (IMPRINT)
Place of publication, distribution, etc. Karachi :
Name of publisher, distributor, etc. the allies book,
Date of publication, distribution, etc. 1966
300 ## - PHYSICAL DESCRIPTION
Pagination v, 264 p. ;
Size 21 cm.
504 ## - BIBLIOGRAPHY, ETC. NOTE
Bibliography, etc Includes bibliography and index
650 ## - SUBJECT ADDED ENTRY--TOPICAL TERM
Topical term or geographic name as entry element Money
Geographic subdivision Pakistan
9 (RLIN) 139063
942 ## - ADDED ENTRY ELEMENTS (KOHA)
Source of classification or shelving scheme Dewey Decimal Classification
Koha item type Books
Holdings
Lost status Source of classification or shelving scheme Damaged status Not for loan Collection code Permanent Location Current Location Shelving location Date acquired Source of acquisition Cost, normal purchase price Total Checkouts Full call number Date last seen Copy number Koha item type
  Dewey Decimal Classification     Non-fiction Central Library, University of Rajshahi Central Library, University of Rajshahi   17/01/1968 M. A. Hossain, R.U. 15.00   332.1095491 MEM 1966 26/07/2016 C-2 Books
  Dewey Decimal Classification     Non-fiction Central Library, University of Rajshahi Central Library, University of Rajshahi   17/01/1968 M. A. Hossain, R.U. 15.00   332.1095491 MEM 1966 30/07/2016 C-3 Books
  Dewey Decimal Classification     Non-fiction Central Library, University of Rajshahi Central Library, University of Rajshahi   16/01/1968 M. A. Hossain, R.U. 15.00   332.1095491 MEM 1966 30/07/2016 C-4 Books
  Dewey Decimal Classification     Non-fiction Central Library, University of Rajshahi Central Library, University of Rajshahi   20/05/1967 Grenich Agency 15.00   332.1095491 MEM 1966 06/08/2016 C-5 Books
  Dewey Decimal Classification     Non-fiction Central Library, University of Rajshahi Central Library, University of Rajshahi   17/01/1968 M. A. Hossain, R.U. 15.00   332.1095491 MEM 1966 06/08/2016 C-6 Books
  Dewey Decimal Classification     Non-fiction Central Library, University of Rajshahi Central Library, University of Rajshahi   17/01/1968 M. A. Hossain, R.U. 15.00   332.1095491 MEM 1966 06/08/2016 C-7 Books
  Dewey Decimal Classification     Non-fiction Central Library, University of Rajshahi Central Library, University of Rajshahi   20/05/1967 Gremich Agency 15.00   332.1095491 MEM 1966 06/09/2016 C-8 Books
  Dewey Decimal Classification     Non-fiction Central Library, University of Rajshahi Central Library, University of Rajshahi   17/01/1968 M.A.Hossain in zoology, R.U 15.00   332.1095491 MEM 1966 06/09/2016 C-9 Books
  Dewey Decimal Classification   Not For Loan Non-fiction Central Library, University of Rajshahi Central Library, University of Rajshahi Reading Room 20/05/1967 Grenica Agencies 15.00   332.1095491 MEM 1966 31/01/2017 C-1 Books